02153nam a22002657a 4500003000400000005001700004008004100021020001800062082001800080100004700098245012200145250002000267260006900287300005700356490001500413520099500428650007401423651004901497654008201546655002901628700004701657942001501704952015301719999001501872OSt20260427103721.0260427b |||||||| |||| 00| 0 SPA d a9789500696616 29789500696616 aHoracio A. Argente y Marcelo E. Álvarez. aSemiología MédicabFisiopatología, Semiotecnia y Propedéutica. Enseñanza-aprendizaje centrada en la persona a3ª edición.  a Buenos Aires, ArgentinabEditorial Médica Panamericanac 2021 a1760 págbTapa dura (cartoné).c20.5 cm x 28 cm  3TAPA DURA  aEl objetivo primordial de esta obra consiste en proporcionar un marco teórico y práctico integral para el proceso de enseñanza-aprendizaje de la medicina, fundamentado en un paradigma centrado en la persona. El texto se propone amalgamar la semiotecnia, la propedéutica y la fisiopatología como los pilares esenciales sobre los cuales se construye un diagnóstico clínico preciso y humano. Mediante su propuesta pedagógica, el libro busca revalorizar el vínculo médico-paciente y fomentar el desarrollo de un razonamiento clínico ético frente a los desafíos de la tecnología contemporánea. Asimismo, la obra aspira a que el estudiante adquiera un juicio crítico sólido, integrando el rigor de la evidencia científica con la sensibilidad necesaria para el ejercicio profesional. Finalmente, se orienta a consolidar la formación de un médico capaz de interpretar la realidad biopsicosocial del individuo en el contexto de su práctica clínica diaria. antroducción y Bases de la Práctica MédicavSistema Respiratorio 2Semiología GeneralvSistema Cardiovascular 2Sistema DigestivovSistema NefrourológicoxSistema Endocrino y Metabolismo: xSistema Hematopoyético aHoracio A. Argente y Marcelo E. Álvarez. 2ddccBKn0 00102ddc40708E03aISUSbISUScBiblioteca Cerradad2026-04-27eGUIAf0792i0792l0oSEMIOLOGIA pMEDI0792r2026-04-27 10:39:11t1w2026-04-27yBK c2077d2077